|
|
|
|
| LEADER |
00709nam a22002052a 4500 |
| 001 |
000381156 |
| 003 |
CZ BrMZK |
| 005 |
20140918092804.0 |
| 007 |
ta |
| 008 |
980105s1958 xo f slo d |
| 040 |
|
|
|a BOA001
|b cze
|
| 100 |
1 |
|
|a Čerňák, Jozef
|7 jn19981002663
|4 aut
|
| 245 |
1 |
0 |
|a Laboratórne chemické cvičenia pre 1. a 2. ročník zdravotníckych škôl /
|c Jozef Čerňák
|
| 260 |
|
|
|a Bratislava :
|b Slovenské pedagogické nakladateľstvo,
|c 1958
|
| 300 |
|
|
|a 456 s. :
|b il. ;
|c 8° +
|e 1 příl.
|
| 504 |
|
|
|a Obsahuje bibliografii
|
| 910 |
|
|
|a BOA001
|b 2-0401.651
|
| 990 |
|
|
|a BK
|
| 991 |
|
|
|b 201409
|
| 996 |
7 |
|
|b 2619131966
|c 2-0401.651
|l MZK
|r Sklad / do 24 hodin
|n 0
|w 000381156
|u 000010
|a 1
|e BOA001
|j MZK50
|s A
|